| 000 | 00437nam a22001697a 4500 | ||
|---|---|---|---|
| 005 | 20160503115445.0 | ||
| 008 | 160503b xxu||||| |||| 00| 0 eng d | ||
| 020 | _a81-203-2101-4 | ||
| 041 | _aeng | ||
| 082 | _b1195 | ||
| 100 |
_aSharpe F. William Alaxander J horden Bailey V. Jeffery _9291 |
||
| 245 | _aInvestment. | ||
| 260 |
_aNew Delhi _bPrentice hall of India, _c1999 |
||
| 300 | _a961 | ||
| 650 |
_aManagement _9241 |
||
| 942 | _cBK | ||
| 999 |
_c480 _d480 |
||